Solid semiconductors / (Record no. 182249)
[ view plain ]
| 000 -LEADER | |
|---|---|
| fixed length control field | 00775 a2200181 4500 |
| 003 - CONTROL NUMBER IDENTIFIER | |
| control field | Nust |
| 005 - DATE AND TIME OF LATEST TRANSACTION | |
| control field | 20221201131509.0 |
| 040 ## - CATALOGING SOURCE | |
| Transcribing agency | Nust |
| 082 ## - DEWEY DECIMAL CLASSIFICATION NUMBER | |
| Classification number | 621.38152,JON |
| 100 ## - MAIN ENTRY--PERSONAL NAME | |
| Personal name | Jonscher ,A. K. |
| 9 (RLIN) | 103910 |
| 245 ## - TITLE STATEMENT | |
| Title | Solid semiconductors / |
| Statement of responsibility, etc. | A. K. Jonscher |
| 260 ## - PUBLICATION, DISTRIBUTION, ETC. | |
| Place of publication, distribution, etc. | New York |
| Name of publisher, distributor, etc. | Dover Publications |
| Date of publication, distribution, etc. | 1965 |
| 300 ## - PHYSICAL DESCRIPTION | |
| Extent | x, 91 p |
| Other physical details | illus |
| Dimensions | 19 cm |
| 505 ## - FORMATTED CONTENTS NOTE | |
| Formatted contents note | The Electronic Structure of Solids (Page-1), The Imperfect Solid (Page-21), Transport of Carriers in Electronic and Magnetic (Page-41), Carrier Injection and p-n Junctions (Page-49), Surface and Contact Phenomena (Page-65), Optical Properties of Semiconductors (Page-75), Materials and Technology (Page-84). |
| 600 ## - SUBJECT ADDED ENTRY--PERSONAL NAME | |
| Personal name | Jonscher ,A. K. |
| 9 (RLIN) | 103910 |
| 650 ## - SUBJECT ADDED ENTRY--TOPICAL TERM | |
| Topical term or geographic name entry element | Telecommunication Engineering |
| 942 ## - ADDED ENTRY ELEMENTS (KOHA) | |
| Source of classification or shelving scheme | |
| Koha item type | Book |
| Withdrawn status | Lost status | Source of classification or shelving scheme | Damaged status | Not for loan | Permanent Location | Current Location | Shelving location | Date acquired | Full call number | Barcode | Date last seen | Price effective from | Koha item type | Public note |
|---|---|---|---|---|---|---|---|---|---|---|---|---|---|---|
| Military College of Signals (MCS) | Military College of Signals (MCS) | General Stacks | 12/12/2016 | 621.38152,JON | MCS5310 | 12/08/2016 | 12/12/2016 | Book | Almirah No.33, Shelf No.5 | |||||
| Military College of Signals (MCS) | Military College of Signals (MCS) | General Stacks | 12/12/2016 | 621.38152,JON | MCS6295 | 12/08/2016 | 12/12/2016 | Book | Almirah No.33, Shelf No.5 |
